Toward a critical political economics : a critique of liberal and radical economic thought /

Bibliographic Details
Main Author: Ward, Dwayne
Format: Book
Language:English
Published: Santa Monica, Calif. : Goodyear Pub. Co., [1977]
Subjects:

MARC

Tag First Indicator Second Indicator Subfields
LEADER 00000cam a22000008i 4500
001 in00000344721
005 20151011055848.0
008 761015s1977 cau b 00010 eng
010 |a  76029795  
020 |a 0876209053 
035 |a (OCoLC)02542336 
035 |9 ABM4314AM 
040 |a DLC  |c DLC  |d TXA  |d UtOrBLW 
049 |a TXAM  |c [1395385] 
050 0 0 |a HB119.A2  |b W26 
082 0 |a 330/.0973 
100 1 |a Ward, Dwayne. 
245 1 0 |a Toward a critical political economics :  |b a critique of liberal and radical economic thought /  |c Dwayne Ward. 
264 1 |a Santa Monica, Calif. :  |b Goodyear Pub. Co.,  |c [1977] 
264 4 |c ©1977 
300 |a xviii, 334 pages :  |b illustrations ;  |c 24 cm. 
336 |a text  |b txt  |2 rdacontent 
337 |a unmediated  |b n  |2 rdamedia 
338 |a volume  |b nc  |2 rdacarrier 
504 |a Bibliography: pages 309-327. 
650 0 |a Economics  |x History  |z United States. 
650 0 |a Social sciences  |x History  |z United States. 
999 |a MARS 
999 f f |s 70eb37e1-39d7-3b1b-8087-cef7e0c3f98d  |i 1caa983a-f0d0-3047-b731-3fd501304b23  |t 0 
952 f f |p ric  |a Texas A&M University  |b Rellis Campus  |c Joint Library Facility  |d Remote Storage  |t 0  |e HB119.A2 W26  |h Library of Congress classification  |i unmediated -- volume  |m A14802532026 
998 f f |a HB119.A2 W26  |t 0  |l Remote Storage